|
|
|
|
| LEADER |
00000nam a2200000 a 4500 |
| 001 |
vtls001369551 |
| 003 |
SK-MaSNL |
| 005 |
20260301010957.0 |
| 008 |
240316s1972 xr o p 00100 cze |
| 035 |
|
|
|a SNK000323288
|
| 040 |
|
|
|a SNK
|b slo
|c SNK
|e AACR2
|
| 041 |
0 |
|
|a cze
|
| 044 |
|
|
|a xr
|c CZ
|
| 072 |
|
7 |
|a 616
|x Patológia. Klinická medicína
|2 konspekt
|
| 080 |
|
|
|a 616.31
|2 2011
|
| 080 |
|
|
|a (075.8)
|2 2011
|
| 100 |
1 |
|
|a Toman, Jaroslav,
|d 1918-2011
|4 aut
|9 293648
|
| 245 |
1 |
0 |
|a Ústní a čelistní chirurgie
|b [učebnice pro lékařské fakulty]
|c Jaroslav Toman
|
| 250 |
|
|
|a 1. vyd.
|
| 260 |
|
|
|a Praha
|b Avicenum
|c 1972
|
| 300 |
|
|
|a 473 s.
|c 23 cm
|
| 366 |
|
|
|e 3500 výtl.
|
| 500 |
|
|
|a Viazaná
|
| 650 |
0 |
7 |
|a stomatochirurgia
|2 SNKPH
|9 84098
|
| 650 |
0 |
7 |
|a Oral surgery
|2 SNKPHeng
|9 293649
|
| 655 |
|
7 |
|a učebnice vysokých škôl
|2 SNKPH
|9 70191
|
| 655 |
|
7 |
|a Textbooks (higher)
|2 SNKPHeng
|9 276436
|
| 852 |
|
|
|a Štátna vedecká knižnica v Banskej Bystrici
|
| 958 |
|
|
|a OND
|
| 999 |
|
|
|c 549639
|d 551569
|
| 952 |
|
|
|t P60, <04>, [BOOK], {604}
|a SNK
|b SNK
|y VYP
|7 0
|p 17A0205358
|o snkIC 53126 D1
|0 0
|1 1
|4 0
|d 1999-08-04
|l 0
|r 2005-01-02 00:00:00
|w 2026-02-23
|